| 000 | 00597cam a2200241 4500 | ||
|---|---|---|---|
| 001 | ABS68709 | ||
| 008 | 050303n2005 000 0 eng u | ||
| 035 | _a(Sirsi) u128933 | ||
| 245 | _aFocus 1: Berkshire | ||
| 260 | _c2005 | ||
| 490 |
_aEstates Gazette _v(0507) 19 February 2005, 75-93(9) |
||
| 590 | _aABS | ||
| 590 | _aRKA | ||
| 650 | _aRETAIL | ||
| 650 | _aBUSINESS PARKS | ||
| 650 | _aREGENERATION | ||
| 650 | _aREADING | ||
| 650 | _aBRACKNELL | ||
| 650 | _aSLOUGH | ||
| 650 | _aMAIDENHEAD | ||
| 690 | _aPROPERTY-COMMERCIAL PROPERTY-COMMERCIAL PROPERTY MARKET | ||
| 942 | _n0 | ||
| 999 |
_c74871 _d74871 |
||